| 000 | 00399nam a22001457a 4500 | ||
|---|---|---|---|
| 020 | _a9780486457437 | ||
| 082 |
_a621.811 _bHIS |
||
| 100 | _aHiscox, Gardner D. | ||
| 245 |
_a1800 Mechanical Movements, Devices and Appliances / _c Gardner D. Hiscox |
||
| 250 | _a16th Edition | ||
| 260 |
_aNew York; _bDover Publications, _c2007. |
||
| 300 | _a409p. ; | ||
| 563 | _aPB | ||
| 942 |
_2ddc _cBK |
||
| 999 |
_c615172 _d615172 |
||